| 000 | 00783nam a2200229 a 4500 | ||
|---|---|---|---|
| 001 | 000007540 | ||
| 005 | 20200929154214.0 | ||
| 008 | 090909s199u dr ac 001 0 spa d | ||
| 040 | _aDO-SdBNP | ||
| 082 |
_a796.8153 _bC457k |
||
| 100 | 1 |
_aChalantte, Luis J., _d1955- _920934 |
|
| 245 | 1 | 0 |
_aKarate para todos / _cLuis J. Chalantte ; introducción Rene Alberto Fiallo Rodríguez. |
| 260 |
_aSanto Domingo : _bTalleres Gráficos, _c199?. |
||
| 300 |
_a173 p. : _bil., retrs ; _c21 cm. |
||
| 500 | _aIncluye datos biográficos en la portada. | ||
| 500 | _aIncluye índice. | ||
| 504 | _aIncluye referencias bibliográficas ( 171 p.) | ||
| 650 | 4 |
_aKarate _920935 |
|
| 650 | 4 |
_aDefensa personal _920936 |
|
| 700 | 1 |
_aFiallo Rodríguez, Rene Alberto, _eintrod. _920937 |
|
| 049 | _aBNPD | ||
| 999 |
_c7321 _d7321 |
||